000
00293nam a2200109Ia 4500
008
230907s9999||||xx |||||||||||||| ||und||
082
_a
333.79320685
_b
ELE
245
0
_a
Electric power systems :
260
_a
CRC Press,
_b
Boca Raton :
_c
2012
300
_a
1 v. (various pagings ) :
942
_c
BK
999
_c
599146
_d
599146